Enfermedad y sociedad en la crisis colonial del antiguo régimen (Registro nro. 317016)
[ vista simple ]
| 000 -ENCABEZADO | |
|---|---|
| Número de control [NR] | 01252 a2200253 4500 |
| 005 - FECHA Y HORA DE LA ÚLTIMA TRANSACCIÓN | |
| control field | 20220902065546.0 |
| 008 - DE LONGITUD FIJA DE DATOS DE ELEMENTOS - INFORMACIÓN GENERAL | |
| Elementos de longitud fija [NR] | 200203b1992 sp a|||| |||| 00| 0 spa d |
| 020 ## - NUMERO INTERNACIONAL NORMALIZADO PARA LIBROS [R] | |
| Número Internacional Normalizado del libro [NR] | 9788400072452 |
| 020 ## - NUMERO INTERNACIONAL NORMALIZADO PARA LIBROS [R] | |
| Número Internacional Normalizado del libro [NR] | 8400072456 |
| 040 ## - FUENTE DE CATALOGACION [NR] | |
| Agencia de catalogación original [NR] | CO-BoUCM |
| Idioma de catalogación [NR] | spa |
| Quien Cataloga | Deissy Garcia (modificó) |
| Quien Clasifica | John Ramirez |
| 041 ## - CODIGO DE IDIOMA [R] | |
| Código de idioma para texto/pista de sonido o título separado [R] | Español |
| 100 1# - ASIENTO PRINCIPAL--NOMBRE PERSONAL [NR] | |
| Nombre personal [NR] | Frías Núñez, Marcelo |
| ID Autoridad | 99711 |
| Fechas asociadas con el nombre [NR] | 1961- |
| 245 10 - MENCION DE TITULO [NR] | |
| Título [NR] | Enfermedad y sociedad en la crisis colonial del antiguo régimen |
| Parte restante del título [NR] | Nueva Granada en el tránsito del siglo XVIII al XIX, las epidemias de viruelas |
| Mención de responsabilidad, etc. [NR] | Marcelo Frías Númez |
| 260 ## - PUBLICACION, DISTRIBUCION, ETC. (PIE DE IMPRENTA) [R] | |
| Nombre del editor, distribuidor, etc. [R] | Consejo Superior de Investigaciones Científicas |
| Lugar de publicación, distribución, etc. [R] | Madrid |
| Fecha de publicación, distribución, etc. [R] | 1992 |
| 300 ## - DESCRIPCION FISICA [R] | |
| Extensión [R] | 273 páginas |
| Otros detalles físicos [NR] | ilustraciones |
| 490 0# - MENCION DE SERIE [R] | |
| Mención de serie [R] | Cuadernos Galileo de Historia de la Ciencia |
| Designación numérica/secuencial del volumen [NR] | 13 |
| 505 ## - NOTA DE CONTENIDO CON FORMATO PREESTABLECIDO [R] | |
| Mención de responsabilidad [R] | La enfermedad y la medicina ilustrada. -- Epidemia de 1782. -- El camino de 1782 a 1802: una sociedad en expectativa. -- Epidemia de 1802. -- Expedición de la vacuna. |
| 650 17 - ASIENTO SECUNDARIO DE MATERIA - TERMINO TEMATICO [R] | |
| 9 (RLIN) | 14659 |
| Término temático o nombre geográfico como elemento de entrada [NR] | Epidemias |
| Subdivisión cronológica [R] | Siglo XVIII-XIX |
| Subdivisión geográfica [R] | Colombia |
| 650 10 - ASIENTO SECUNDARIO DE MATERIA - TERMINO TEMATICO [R] | |
| 9 (RLIN) | 60162 |
| Término temático o nombre geográfico como elemento de entrada [NR] | Historia social |
| Subdivisión geográfica [R] | Colombia colonial |
| 650 17 - ASIENTO SECUNDARIO DE MATERIA - TERMINO TEMATICO [R] | |
| 9 (RLIN) | 26310 |
| Término temático o nombre geográfico como elemento de entrada [NR] | Viruela |
| Subdivisión geográfica [R] | Colombia colonial |
| 650 17 - ASIENTO SECUNDARIO DE MATERIA - TERMINO TEMATICO [R] | |
| Término temático o nombre geográfico como elemento de entrada [NR] | Nueva granada |
| Subdivisión general [R] | Administración colonial |
| Subdivisión geográfica [R] | Siglo XVIII-XIX |
| 9 (RLIN) | 99712 |
| 942 ## - ELEMENTOS DE ENTRADA AGREGADOS (KOHA) | |
| Tipo de ítem principal el descrito en 300a | Libro |
| Sistema de clasificación | DEWEY |
| Tema principal | Ciencias de la salud |
| Edición | 20 |
| Clasificación | 616.912 |
| Parte restante de la signatura top. | F897e |
| Título oculto en OPAC | No |
| Fecha de último préstamo | Total préstamos | Total Renewals | Signatura topográfica | Código de barras | Última vez visto | Ejemplar | Costo de reposición | Price effective from | Tipo de ítem | Nota pública (OPAC) | Perdido | Sistema de clasificación | Dañado | No prestable | Tipo de ítem específico | Suprimido | Ubicación habitual | Ubicación actual | Localización | Fecha de creación | Proveedor | Forma de adquisición | Costo |
|---|---|---|---|---|---|---|---|---|---|---|---|---|---|---|---|---|---|---|---|---|---|---|---|
| 24/01/2024 | 3 | 6 | 616.912 F897e | 100158984 | 18/02/2026 | Ej.1 | 60900.00 | 20/01/2020 | Libro | Spot Historia de la Medicina | DEWEY | Libro | Quinta de Mutis | Quinta de Mutis | 3er piso | 20/01/2020 | 37 | Compra | 60900.00 |